Statistics for Random German license plates (2 letters)

Click here to take the quiz!

General Stats

  • This quiz has been taken 16 times
  • The average score is 7 of 20

Answer Stats

AbbreviationCity/District% Correct
Börde
100%
BSBrunswick
100%
KOCoblenz
100%
DADarmstadt/Darmstadt-Dieburg
100%
DHDiepholz
100%
DODortmund
100%
DUDuisburg
100%
DDüsseldorf
100%
EIEichstätt
100%
ENEnnepe/Ennepe-Ruhr
100%
Fürth
100%
GGera
100%
GLGladbach/Rheinisch-Bergischer Kreis
100%
GCGlauchau/Zwickau
100%
Göttingen
100%
GWGreifswald/Vorpommern-Greifswald
100%
HAHagen
100%
HHanover
100%
HSHeinsberg
100%
HIHildesheim
100%
INIngolstadt
100%
KLKaiserslautern
100%
KIKiel
100%
KRKrefeld
100%
Lörrach
100%
LULudwigshafen am Rhein
100%
MGMönchengladbach
100%
OBOberhausen
100%
OFOffenbach am Main
100%
OCOschersleben/Börde
100%
OSOsnabrück
100%
PMPotsdam, Mittelmark
100%
PRPrignitz
100%
RRegensburg
100%
RLRochlitz/Mittelsachsen
100%
SStuttgart
100%
TFTeltow-Fläming
100%
ULUlm/Alb-Donau
100%
UNUnna
100%
VSVillingen-Schwenningen/Schwarzwald-Bahr
100%
WSWasserburg/Rosenheim
100%
WMWeilheim/Weilheim-Schongau
100%
Würzburg
100%
DLDöbeln/Mittelsachsen
50%
EGEggenfelden/Rottal-Inn
50%
GEGelsenkirchen
50%
GPGöppingen
50%
HCHainichen/Mittelsachsen
50%
PFPforzheim/Enzkreis
50%
RVRavensburg
50%
RORosenheim
50%
SZSalzgitter
50%
WKWittstock/Ostprignitz-Ruppin
50%
ZZwickau
50%
ACAachen
0%
AAAalen/Ostalbkreis
0%
AHAhaus/Borken
0%
AWAhrweiler
0%
AKAltenkirchen
0%
ATAltentreptow/Mecklenburgische Seenplatte
0%
Altötting
0%
AZAlzey/Alzey-Worms
0%
AMAmberg
0%
ASAmberg-Sulzbach
0%
ANAnsbach
0%
APApolda/Weimarer Land
0%
ABAschaffenburg
0%
AUAue/Erzgebirgskreis
0%
AEAuerbach/Vogtlandkreis
0%
AAugsburg
0%
BKBacknang
0%
KGBad Kissingen
0%
KHBad Kreuznach
0%
BLBalingen/Zollernalbkreis
0%
BABamberg
0%
BZBautzen
0%
BTBayreuth
0%
BEBeckum/Warendorf
0%
BMBergheim/Rhein-Erft
0%
BBerlin
0%
BCBiberach
0%
BIBielefeld
0%
BBBöblingen
0%
BOBochum
0%
BNBonn
0%
HBBremen/Bremerhaven
0%
BHBühl/Ortenaukreis, Rastatt
0%
BGBurgsteinfurt/Steinfurt
0%
CACalau/Oberspreewald-Lausitz
0%
CWCalw
0%
KSCassel
0%
CECelle
0%
CChemnitz
0%
COCoburg
0%
KCologne
0%
KNConstanz
0%
KBCorbach/Waldeck-Frankenberg
0%
CBCottbus
0%
CRCrailsheim/Schwäbisch Hall
0%
DZDelitzsch/Nordsachsen
0%
DMDemmin/Mecklenburgische Seenplatte
0%
DEDessau/Dessau-Roßlau
0%
DIDieburg/Darmstadt-Dieburg
0%
DWDippoldiswalde/Sächsische Schweiz-Osterzgebirge
0%
DDDresden
0%
DNDüren
0%
EWEberswalde/Barnim
0%
EBEilenburg/Nordsachsen
0%
EAEisenach
0%
EHEisenhüttenstadt/Oder-Spree
0%
EEElbe-Elster
0%
EMEmmendingen
0%
ELEmsland
0%
EDErding
0%
EFErfurt
0%
ERErlangen
0%
EEssen
0%
ESEsslingen
0%
EUEuskirchen
0%
FIFinsterwalde/Elbe-Elster
0%
FLFlensburg
0%
FOForchheim
0%
FTFrankenthal
0%
FFrankfurt
0%
FFFrankfurt (Oder)
0%
FGFreiberg/Mittelsachsen
0%
FRFreiburg/Breisgau-Hochschwarzwald
0%
FSFreising
0%
FBFriedberg/Wetteraukreis
0%
FNFriedrichshafen/Bodenseekreis
0%
FZFritzlar/Schwalm-Eder
0%
FDFuld
0%
FWFürstenwalde/Oder-Spree
0%
GAGardelegen/Altmarkkreis Salzwedel
0%
GKGeilenkirchen/Heinsberg
0%
GNGelnhausen/Main-Kinzig
0%
GIGießen
0%
GFGifhorn
0%
GDGmünd/Ostalbkreis
0%
GRGörlitz
0%
GSGoslar
0%
GVGrevenbroich/Rhein-Neuss
0%
GGGroß-Gerau
0%
GMGummersbach/Oberbergischer Kreis
0%
GZGünzburg
0%
Güstrow/Rostock
0%
GTGütersloh
0%
HHHamburg
0%
HMHameln/Hameln-Pyrmont
0%
HUHanau/Main-Kinzig
0%
HZHarz
0%
HVHavelberg/Stendal
0%
HKHeidekreis
0%
HDHeidelberg/Rhein-Neckar
0%
HNHeilbronn
0%
HEHelmstedt
0%
HPHeppenheim/Bergstraße
0%
HFHerford
0%
HOHof
0%
HRHomberg/Schwalm-Eder
0%
HGHomburg/Hochtaunuskreis
0%
HXHöxter
0%
HYHoyerswerda/Bautzen
0%
ILIlmenau/Ilm-Kreis
0%
IKIlm-Kreis
0%
IZItzehoe/Steinburg
0%
JJena
0%
JLJerichower Land
0%
JEJessen/Wittenberg
0%
KMKamenz/Bautzen
0%
KAKarlsruhe
0%
KFKaufbeuren
0%
KKKempen, Krefeld/Viersen
0%
KEKempten
0%
KTKitzingen
0%
KWKönigs Wusterhausen/Dahme-Spreewald
0%
KCKronach
0%
KUKulmbach
0%
KYKyritz/Ostprignitz-Ruppin
0%
LRLahr/Ortenaukreis
0%
LDLandau
0%
LLLandsberg am Lech
0%
LALandshut
0%
LFLaufen/Berchtesgadener Land+Altötting+Traunstein
0%
LLeipzig
0%
LMLimburg/Limburg-Weilburg
0%
LILindau
0%
LPLippstadt/Soest
0%
LNLübben/Dahme-Spreewald
0%
HLLübeck
0%
LCLuckau/Dahme-Spreewald
0%
LHLüdinghausen/Coesfeld+Unna
0%
LBLudwigsburg
0%
LGLüneburg
0%
MDMagdeburg
0%
MZMainz/Mainz-Bingen
0%
MCMalchin/Mecklenburgische Seenplatte
0%
MAMannheim
0%
MLMansfelder Land/Mansfeld-Südharz
0%
MRMarburg/Marburg-Biedenkopf
0%
MKMärkischer Kreis
0%
MYMayen/Mayen-Koblenz
0%
MMMemmingen
0%
MQMerseburg, Querfurt/Saalekreis
0%
MEMettmann
0%
MBMiesbach
0%
MNMindelheim/Unterallgäu
0%
MIMinden/Minden-Lübbecke
0%
MWMittweida/Mittelsachsen
0%
MOMoers/Wesel
0%
Mühldorf am Inn
0%
MHMülheim an der Ruhr
0%
MMunich
0%
MSMünster
0%
NBNeubrandenburg
0%
NDNeuburg an der Donau/Neuburg-Schrobenhausen
0%
NHNeuhaus/Sonneberg
0%
NMNeumarkt/Neumarkt in der Oberpfalz
0%
NKNeunkirchen
0%
NPNeuruppin/Ostprignitz-Ruppin
0%
NENeuss/Rhein-Kreis Neuss
0%
NWNeustadt an der Weinstraße
0%
NZNeustrelitz/Mecklenburgische Seenplatte
0%
NUNeu-Ulm
0%
NRNeuwied am Rhein
0%
NINienburg/Nienburg/Weser
0%
NYNiesky/Görlitz
0%
NFNordfriesland
0%
Nördlingen/Donau-Ries
0%
NNuremberg
0%
NTNürtingen/Esslingen
0%
OAOberallgäu
0%
OGOffenburg/Ortenaukreis
0%
OKOhrekreis/Börde
0%
OLOldenburg
0%
ODOldesloe/Stormarn
0%
OEOlpe
0%
OPOpladen/Leverkusen
0%
OZOschatz/Nordsachsen
0%
OHOstholstein
0%
PBPaderborn
0%
PWPasewalk/Vorpommern-Greifswald
0%
PAPassau
0%
PEPeine
0%
PIPinneberg
0%
PSPirmasens/Südwestpfalz
0%
PLPlauen/Vogtlandkreis
0%
PNPößneck/Saale-Orla
0%
PPotsdam
0%
PZPrenzlau/Uckermark
0%
RARastatt
0%
RNRathenow/Havelland
0%
RZRatzeburg/Herzogtum Lauenburg
0%
RERecklinghausen
0%
RCReichenbach/Vogtlandkreis
0%
RSRemscheid
0%
RDRendsburg/Rendsburg-Eckernförde
0%
RTReutlingen
0%
RPRhein-Pfalz-Kreis
0%
RGRiesa, Großenhain/Meißen
0%
RIRinteln/Schaumburg
0%
RMRöbel/Müritz / Mecklenburgische Seenplatte
0%
RHRoth
0%
RWRottweil
0%
RURudolstadt/Saalfeld-Rudolstadt
0%
SKSaalekreis
0%
SBSaarbrücken
0%
SLSchleswig/Schleswig-Flensburg
0%
SMSchmalkalden/Schmalkalden-Meiningen
0%
SCSchwabach
0%
SWSchweinfurt
0%
SNSchwerin
0%
SESegeberg
0%
SUSiegburg/Rhein-Sieg-Kreis
0%
SISiegen/Siegen-Wittgenstein
0%
SOSoest
0%
SGSolingen
0%
SPSpeyer
0%
STSteinfurt
0%
SRStraubing/Straubing-Bogen
0%
SYSyke/Diepholz
0%
TETecklenburg/Steinfurt
0%
TPTemplin/Uckermark
0%
TTTettnang/Bodenseekreis
0%
TGTorgau/Nordsachsen
0%
TOTorgau,Oschatz/Nordsachsen
0%
TSTraunstein
0%
TRTrier/Trier-Saarburg
0%
Tübingen
0%
ÜBÜberlingen/Bodenseekreis+Lkr. Ravensburg
0%
UMUckermark
0%
UEUelzen
0%
UHUnstrut-Hainich
0%
VBVogelsberg
0%
VVogtland
0%
VKVölklingen
0%
VGVorpommern-Greifswald
0%
VRVorpommern-Rugia
0%
WNWaiblingen/Rems-Murr
0%
WAWaldeck/Waldeck-Frankenberg
0%
WTWaldshut
0%
WGWangen/Ravensburg
0%
WEWeimar
0%
WRWernigerode/Harz
0%
WIWiesbaden
0%
WLWinsen (Luhe)/Harburg
0%
WBWittenberg
0%
WFWolfenbüttel
0%
WOWorms
0%
WWuppertal
0%
ZZZeitz/Burgenlandkreis
0%
ZEZerbst/Anhalt-Bitterfeld
0%
ZRZeulenroda/Greiz
0%
ZIZittau/Görlitz
0%
ZPZschopau/Erzgebirgskreis
0%
ZWZweibrücken/Südwestpfalz
0%

Score Distribution

Percentile by Number Answered

Percent of People with Each Score

Your Score History

You have not taken this quiz